El arte matérico en la ética Nicomaquea : El taller como Mimesis
Furkejuvvon:
| Váldodahkki: | |
|---|---|
| Materiálatiipa: | Girji |
| Giella: | Undetermined |
| Almmustuhtton: |
San José, Costa Rica
Universidad de Costa Rica, Escuela de Filosofía
2012
|
| Fáttát: | |
| Fáddágilkorat: |
Lasit fáddágilkoriid
Eai fáddágilkorat, Lasit vuosttaš fáddágilkora!
|
MARC
| LEADER | 00000nam a2200000Ia 4500 | ||
|---|---|---|---|
| 008 | 170316s9999 xx 000 0 und d | ||
| 040 | |a cru BVZT | ||
| 090 | |a TESIS 873 | ||
| 100 | |a Barahona Riera, Dorelia | ||
| 245 | |a El arte matérico en la ética Nicomaquea : El taller como Mimesis | ||
| 260 | |a San José, Costa Rica | ||
| 260 | |b Universidad de Costa Rica, Escuela de Filosofía | ||
| 260 | |c 2012 | ||
| 300 | |a 90 páginas | ||
| 650 | |a TRABAJO FINAL DE GRADUACIÓN | ||
| 650 | |a LICENCIADA EN FILOSOFÍA | ||
| 650 | |a ÉTICA NICOMAQUEA | ||
| 650 | |a MIMESIS | ||
| 650 | |a ESTÉTICA - ARISTÓTELES | ||
| 999 | |c 14533 |d 14533 | ||
| 942 | |c TFG |h TESIS 873 |2 z | ||
